A complete treatise on practical land-surveying, in seven parts (Record no. 113975)

MARC details
000 -LEADER
fixed length control field 00912cam a22001935a 4500
001 - CONTROL NUMBER
control field L156009
008 - FIXED-LENGTH DATA ELEMENTS--GENERAL INFORMATION
fixed length control field 120424s1820 xxk f 000 0 eng d
035 ## - SYSTEM CONTROL NUMBER
System control number (Sirsi) u156009
041 0# - LANGUAGE CODE
Language code of text/sound track or separate title eng
100 1# - MAIN ENTRY--PERSONAL NAME
Personal name Nesbit, Anthony
Dates associated with a name 1778-1859
245 02 - TITLE STATEMENT
Title A complete treatise on practical land-surveying, in seven parts
Statement of responsibility, etc. A. Nesbit. The whole illustrated by two hundred and fifty practical examples, one hundred and sixty wood cuts, twelve copperplates, and an engraven field-book of sixteen pages
250 ## - EDITION STATEMENT
Edition statement Second edition, greatly enlarged by numerous additions and improvements
260 ## - PUBLICATION, DISTRIBUTION, ETC.
Place of publication, distribution, etc. York
Name of publisher, distributor, etc. Printed by T. Wilson and Sons for Longman, Hurst, Rees, Orme, and Brown, London
Date of publication, distribution, etc. 1820
300 ## - PHYSICAL DESCRIPTION
Extent xix, 392, 16 p., 12 leaves of plates (some folded)
Other physical details ill.
Dimensions 22 cm.
583 ## - ACTION NOTE
Action Condition reviewed
Time/date of action 20120620
Status condition level 3
651 #4 - SUBJECT ADDED ENTRY--GEOGRAPHIC NAME
Geographic name Great Britain
Chronological subdivision 1707-
690 ## - LOCAL SUBJECT ADDED ENTRY--TOPICAL TERM (OCLC, RLIN)
Topical term or geographic name as entry element Measurement
9 (RLIN) 6256
942 ## - ADDED ENTRY ELEMENTS (KOHA)
Suppress in OPAC 0
Holdings
Withdrawn status Lost status Source of classification or shelving scheme Damaged status Not for loan Home library Current library Shelving location Date acquired Total Checkouts Full call number Barcode Date last seen Copy number Price effective from Koha item type
    Dewey Decimal Classification     Historic collection Historic collection Historic collection 24/04/2012   QUARTO 1820 NESBIT 30077884 06/08/2019 1 06/08/2019 Book